00575nam a2200121Ia 4500008004100000100002400041245013300065260006400198650001500262856008400277999001900361952007300380160712s9999 xx 000 0 und d aArambulo, Thelma E. cThelma E. ArambuloaForegoing/Forgetting the Past that Haunts: A Study of Selected Prizewinning Works of Asian Immigrant Writers c2015bJournal of English Studies and Comparative Literature xLITERATURE uhttp://journals.upd.edu.ph/index.php/jescl/issue/view/Special%20Edition/showToc c297062d297062 001040aCLbCLd2016-07-12l0r2016-07-12 00:00:00w2016-07-12yFEJ